[Event "Waikato Open"]
[Site "Hamilton"]
[Date "2012.08.03"]
[Round "1.1"]
[White "Hague, Ben"]
[Black "Wright, Caleb"]
[Result "1-0"]
[WhiteElo "2436"]
[BlackElo "1979"]
[PlyCount "65"]
[EventDate "2012.08.03"]
[EventType "swiss"]
[EventRounds "6"]
[SourceDate "2010.09.23"]

1. d4 e6 2. Nf3 f5 3. Bf4 Nf6 4. e3 c6 5. Be2 d5 6. O-O Be7 7. c4 O-O 8. Qc2
Ne4 9. Nc3 Nd7 10. Ne5 Nxe5 11. Bxe5 Bd7 12. f3 Nxc3 13. bxc3 b6 14. e4 Bf6 15.
Bxf6 Qxf6 16. e5 Qe7 17. a4 Rfd8 18. f4 Be8 19. Rfb1 Rac8 20. a5 bxa5 21. Rxa5
c5 22. Qa2 cxd4 23. cxd4 Rb8 24. cxd5 exd5 25. Rxb8 Rxb8 26. Rxa7 Qb4 27. Qxd5+
Kh8 28. Qd6 Qb1+ 29. Kf2 Bg6 30. Rd7 Rg8 31. Rd8 Qe4 32. Rxg8+ Kxg8 33. Bc4+
1-0

[Event "Waikato Open"]
[Site "Hamilton"]
[Date "2012.08.03"]
[Round "1.2"]
[White "Wagner, Stefan"]
[Black "Garbett, Paul A"]
[Result "0-1"]
[WhiteElo "1942"]
[BlackElo "2338"]
[PlyCount "44"]
[EventDate "2012.08.03"]
[EventType "swiss"]
[EventRounds "6"]
[SourceDate "2010.09.23"]

1. d4 d5 2. c4 dxc4 3. Nf3 Nf6 4. Nc3 a6 5. a4 e6 6. e3 Bb4 7. Bxc4 O-O 8. O-O
c5 9. Qe2 cxd4 10. exd4 Nbd7 11. Bg5 Bxc3 12. bxc3 b6 13. Rac1 Qc7 14. Bh4 Bb7
15. Bd3 Qc6 16. Bc2 Rac8 17. Rfd1 Kh8 18. Bb3 b5 19. axb5 axb5 20. Rc2 Qe4 21.
Qxb5 Rb8 22. Re2 Qg6 0-1

[Event "Waikato Open"]
[Site "Hamilton"]
[Date "2012.08.03"]
[Round "1.3"]
[White "Smith, Robert W"]
[Black "Lynn, K William"]
[Result "1/2-1/2"]
[WhiteElo "2333"]
[BlackElo "1882"]
[PlyCount "117"]
[EventDate "2012.08.03"]
[EventType "swiss"]
[EventRounds "6"]
[SourceDate "2010.09.23"]

1. d4 Nf6 2. Nf3 e6 3. c4 b6 4. g3 Bb7 5. Bg2 d5 6. cxd5 exd5 7. O-O Be7 8. b3
O-O 9. Bb2 Nbd7 10. Nbd2 c5 11. Rc1 Rc8 12. Bh3 Rc7 13. Ne5 Bd6 14. e3 Qe7 15.
f4 Bc8 16. Bg2 Re8 17. Qe2 Nb8 18. Rfd1 Ba6 19. Qf3 b5 20. dxc5 Bxc5 21. Kh1
Bb7 22. Qe2 a6 23. a3 Rec8 24. b4 Bb6 25. Nb3 Rxc1 26. Rxc1 Rxc1+ 27. Nxc1 Ne4
28. Nb3 f6 29. Nd3 Nd7 30. Bd4 Bxd4 31. Nxd4 Nb6 32. Kg1 Nc4 33. Nc2 h6 34.
Bxe4 dxe4 35. Nc5 Bc8 36. Qd1 Qd6 37. Qxd6 Nxd6 38. a4 bxa4 39. Nxa4 Nc4 40.
Nc5 Kf7 41. Kf2 f5 42. h4 Kf6 43. h5 Nd6 44. Nd4 g6 45. hxg6 Kxg6 46. Nc6 Kf6
47. Nb8 Nb5 48. Nc6 Nc3 49. Nd4 Nd5 50. Nc2 Ke7 51. Nb3 Kd6 52. Nbd4 Bd7 {(=)}
53. Ke1 Nc3 54. Kd2 Nb1+ 55. Kc1 Nc3 56. Kd2 Nb1+ 57. Ke2 Nc3+ 58. Kf2 Ke7 59.
Na3 {(=)} 1/2-1/2

[Event "Waikato Open"]
[Site "Hamilton"]
[Date "2012.08.03"]
[Round "1.4"]
[White "Lyall, Simon"]
[Black "Noble, Mark F"]
[Result "0-1"]
[WhiteElo "1880"]
[BlackElo "2300"]
[PlyCount "78"]
[EventDate "2012.08.03"]
[EventType "swiss"]
[EventRounds "6"]
[SourceDate "2010.09.23"]

1. e4 e5 2. Nf3 d6 3. d4 Nf6 4. dxe5 Nxe4 5. Nbd2 Nxd2 6. Bxd2 Be7 7. Bc4 d5 8.
Bb3 O-O 9. Bc3 Be6 10. Nd4 c5 11. Nxe6 fxe6 12. a4 Nc6 13. Qg4 Rf5 14. Rd1 Nxe5
15. Bxd5 Nxg4 16. Bxe6+ Rf7 17. Rxd8+ Rxd8 18. Bxg4 Bf6 19. Bxf6 Rxf6 20. O-O
Rd2 21. Bf3 Rb6 22. Be4 Rxb2 23. f3 Kf7 24. Rf2 Rd1+ 25. Rf1 Rd4 26. Ra1 g6 27.
a5 a6 28. Re1 Ra4 29. Bd5+ Kf8 30. Re4 Rxa5 31. Rf4+ Ke8 32. Rc4 Rb4 33. Rxb4
cxb4 34. Bxb7 Ra2 35. Be4 a5 36. Kf1 a4 37. Ke1 a3 38. Kd1 b3 39. cxb3 Rxg2 0-1

[Event "Waikato Open"]
[Site "Hamilton"]
[Date "2012.08.03"]
[Round "1.5"]
[White "Hart, Ralph"]
[Black "Zhang, William Jiewen"]
[Result "0-1"]
[WhiteElo "2272"]
[BlackElo "1864"]
[PlyCount "84"]
[EventDate "2012.08.03"]
[EventType "swiss"]
[EventRounds "6"]
[SourceDate "2010.09.23"]

1. d4 e6 2. e4 d5 3. Nd2 Nf6 4. e5 Nfd7 5. Bd3 c5 6. c3 Nc6 7. Ne2 cxd4 8. cxd4
f6 9. exf6 Nxf6 10. O-O Bd6 11. Nf3 Qc7 12. Bg5 O-O 13. Bh4 Nh5 14. Bxh7+ Kxh7
15. Ng5+ Kg8 16. Qd3 Nf6 17. Rac1 Bxh2+ 18. Kh1 Bf4 19. Bg3 Bxg3 20. fxg3 e5
21. Qg6 Ne7 22. Qb1 Qd6 23. Rxf6 Rxf6 24. Qh7+ Kf8 25. Qh8+ Ng8 26. Nh7+ Kf7
27. Ng5+ Kf8 28. Nh7+ Kf7 29. Ng5+ Kg6 30. Qxg8 Kxg5 31. Kg1 Qe6 32. Qxg7+ Rg6
33. Qh8 Rg8 34. Qh4+ Kg6 35. Rc7 Bd7 36. dxe5 Qb6+ 37. Kh2 Rh8 38. Nf4+ Kf5 39.
Nh5 Qh6 40. g4+ Ke6 41. Qe1 Qf4+ 42. Kg1 Qd4+ 0-1

[Event "Waikato Open"]
[Site "Hamilton"]
[Date "2012.08.03"]
[Round "1.6"]
[White "Dolejs, Dan"]
[Black "Pinic, Noel"]
[Result "0-1"]
[WhiteElo "1822"]
[BlackElo "2251"]
[PlyCount "101"]
[EventDate "2012.08.03"]
[EventType "swiss"]
[EventRounds "6"]
[SourceDate "2010.09.23"]

1. b4 e5 2. a3 a5 3. Bb2 axb4 4. axb4 Rxa1 5. Bxa1 Bxb4 6. Bxe5 Nf6 7. c3 Bc5
8. d4 Bb6 9. Nf3 O-O 10. e3 Nc6 11. Bc4 d6 12. Bg3 Bg4 13. Nbd2 Re8 14. O-O Qd7
15. Bb5 Ra8 16. Nc4 Nd5 17. Nxb6 Nxb6 18. d5 Bxf3 19. Qxf3 Ne5 20. Qe2 Qe7 21.
f4 Ned7 22. Rd1 Nc5 23. Qe1 Ra2 24. Bh4 Qe4 25. Bf1 Nxd5 26. Bd8 Ne6 27. Bh4
Nxe3 28. Bf2 Rxf2 29. Qxf2 Nxd1 30. Qd2 Qe3+ 31. Qxe3 Nxe3 32. Be2 Nxf4 33. Bf3
b5 34. Kf2 Nf5 35. Bc6 b4 36. Be4 Ne7 37. cxb4 f5 38. Bc2 Nfd5 39. Bb3 Kf7 40.
b5 Kf6 41. Bc4 Ke5 42. Ke1 Kd4 43. Bf1 Ne3 44. Be2 Nxg2+ 45. Kf2 Nf4 46. Bf1
Ned5 47. Kf3 g5 48. h3 Nxh3 49. Kg3 Nhf4 50. Kf3 Ne3 51. b6 0-1

[Event "Waikato Open"]
[Site "Hamilton"]
[Date "2012.08.03"]
[Round "1.7"]
[White "Bennett, Hilton P"]
[Black "Ang, Alphaeus WeiErn"]
[Result "1-0"]
[WhiteElo "2117"]
[BlackElo "1814"]
[PlyCount "113"]
[EventDate "2012.08.03"]
[EventType "swiss"]
[EventRounds "6"]
[SourceDate "2010.09.23"]

1. e4 Nc6 2. Nc3 Nf6 3. g3 d5 4. exd5 Nxd5 5. Bg2 e6 6. Nge2 Bc5 7. O-O Nxc3 8.
Nxc3 O-O 9. Ne4 Qe7 10. Nxc5 Qxc5 11. d3 e5 12. Be3 Qd6 13. Re1 f6 14. c3 Be6
15. Qe2 a6 16. b4 b6 17. d4 Rfe8 18. d5 Nxb4 19. dxe6 Nd5 20. c4 Nxe3 21. Qxe3
Rad8 22. Bd5 Kh8 23. Qf3 Re7 24. Qf5 Rf8 25. Rad1 g6 26. Qf3 Kg7 27. Bb7 Qxe6
28. Bxa6 Qf7 29. Qd5 Qe8 30. Bb5 Qb8 31. a4 Qa7 32. Qc6 Qb8 33. Rd5 Rff7 34.
Red1 Qf8 35. Rd8 Qxd8 36. Rxd8 h5 37. c5 bxc5 38. Qxc5 g5 39. Bc4 Kg6 40. Bxf7+
Kxf7 41. Qd5+ Kg6 42. Rd7 Rxd7 43. Qxd7 c5 44. a5 c4 45. a6 c3 46. Qd3+ f5 47.
Qxc3 e4 48. a7 g4 49. a8=R Kf7 50. Ra7+ Ke6 51. Qc6+ Ke5 52. Ra5+ Kd4 53. Qc5+
Kd3 54. Ra3+ Kd2 55. Qc3+ Ke2 56. Ra2+ Kd1 57. Qa1# 1-0

[Event "Waikato Open"]
[Site "Hamilton"]
[Date "2012.08.03"]
[Round "1.8"]
[White "Rossiter, Philip E"]
[Black "Stuart, Peter W"]
[Result "0-1"]
[WhiteElo "1810"]
[BlackElo "2107"]
[PlyCount "150"]
[EventDate "2012.08.03"]
[EventType "swiss"]
[EventRounds "6"]
[SourceDate "2010.09.23"]

1. c4 c5 2. Nc3 Nf6 3. Nf3 b6 4. g3 Bb7 5. Bg2 e6 6. O-O Be7 7. Qc2 O-O 8. b3
a6 9. Bb2 Qc7 10. e3 d5 11. cxd5 Nxd5 12. Nxd5 Bxd5 13. Rac1 Qb7 14. Ne1 Bxg2
15. Nxg2 Nd7 16. Qc4 Bf6 17. Bxf6 Nxf6 18. Rfd1 Rac8 19. d4 b5 20. Qe2 cxd4 21.
Rxc8 Rxc8 22. Rxd4 Rc1+ 23. Rd1 Qc7 24. Qd2 Rxd1+ 25. Qxd1 Kf8 26. Nf4 Ke7 27.
Qf3 Kd6 28. Nd3 Ke7 29. Nf4 Qc1+ 30. Kg2 Qa3 31. Qe2 Qc5 32. Nd3 Qc3 33. Nf4
Qc6+ 34. Kg1 g6 35. h4 h5 36. Nd3 Qc3 37. Nf4 Qc1+ 38. Kg2 Qc6+ 39. Kg1 Qc3 40.
Kg2 Ne4 41. Nd3 f5 42. Nf4 Kf6 43. f3 Nc5 44. Nh3 e5 45. Nf2 Ke6 46. g4 hxg4
47. fxg4 e4 48. gxf5+ gxf5 49. Nh3 Nd3 50. Ng5+ Kf6 51. Kh3 Qc1 52. Kg2 Ke5 53.
Nh3 Ne1+ 54. Kg3 Nf3 55. Qf2 Kf6 56. Nf4 Kf7 57. Nh3 Qc8 58. Ng5+ Nxg5 59. hxg5
Kg6 60. Qf4 Qd8 61. Kh4 Qh8+ 62. Kg3 Qd8 63. Kh4 Qd1 64. Kg3 Qg1+ 65. Kh3 Qxg5
66. Qd6+ Kh5 67. Qxa6 Qxe3+ 68. Kg2 Qf3+ 69. Kg1 e3 70. Qxb5 Qf2+ 71. Kh1 e2
72. Qe8+ Kg4 73. Qg6+ Kf4 74. Qd6+ Ke4 75. Qc6+ Kd3 0-1

[Event "Waikato Open"]
[Site "Hamilton"]
[Date "2012.08.03"]
[Round "1.9"]
[White "Burns, Christopher J"]
[Black "Mukkattu, Philip"]
[Result "1-0"]
[WhiteElo "2097"]
[BlackElo "1788"]
[PlyCount "43"]
[EventDate "2012.08.03"]
[EventType "swiss"]
[EventRounds "6"]
[SourceDate "2010.09.23"]

1. e4 e5 2. d4 exd4 3. Nf3 Nc6 4. Nxd4 Nxd4 5. Qxd4 d6 6. Nc3 h6 7. Be3 Nf6 8.
O-O-O a6 9. Be2 Be7 10. h3 b5 11. Bf3 c5 12. Qd3 Bb7 13. e5 Bxf3 14. exf6 Bxd1
15. fxe7 Qxe7 16. Rxd1 Rd8 17. Nd5 c4 18. Qd4 Qe5 19. Nc7+ Ke7 20. Nd5+ Ke6 21.
Qg4+ Qf5 22. Nc7+ 1-0

[Event "Waikato Open"]
[Site "Hamilton"]
[Date "2012.08.03"]
[Round "1.10"]
[White "Nolan, Graham"]
[Black "Lim, Benji"]
[Result "0-1"]
[WhiteElo "1657"]
[BlackElo "2056"]
[PlyCount "54"]
[EventDate "2012.08.03"]
[EventType "swiss"]
[EventRounds "6"]
[SourceDate "2010.09.23"]

1. e4 c5 2. Nf3 d6 3. d4 cxd4 4. Nxd4 Nf6 5. Nc3 a6 6. Bg5 e6 7. f4 Qb6 8. Qd2
Qxb2 9. Nb3 Qa3 10. Bxf6 gxf6 11. Be2 Nc6 12. O-O Na5 13. Kh1 Bd7 14. f5 Nxb3
15. cxb3 Qa5 16. b4 Qe5 17. Rac1 h5 18. fxe6 fxe6 19. Rc2 Rc8 20. a4 h4 21. b5
d5 22. Nxd5 exd5 23. Rxc8+ Bxc8 24. exd5 Bd6 25. Bh5+ Qxh5 26. Qc3 Bd7 27. Qxf6
Qe5 0-1

[Event "Waikato Open"]
[Site "Hamilton"]
[Date "2012.08.04"]
[Round "2.1"]
[White "Stuart, Peter W"]
[Black "Hague, Ben"]
[Result "1/2-1/2"]
[WhiteElo "2107"]
[BlackElo "2436"]
[PlyCount "97"]
[EventDate "2012.08.03"]
[EventType "swiss"]
[EventRounds "6"]
[SourceDate "2010.09.23"]

1. c4 e5 2. Nc3 Nc6 3. g3 d6 4. Bg2 g6 5. e4 Bg7 6. Nge2 Be6 7. d3 f5 8. O-O
Nf6 9. Nd5 O-O 10. h3 Qd7 11. Kh2 Nd8 12. Qc2 c6 13. Nxf6+ Bxf6 14. Be3 d5 15.
cxd5 cxd5 16. exd5 Bxd5 17. Bxd5+ Qxd5 18. Qc4 Qf7 19. Rac1 Nc6 20. Rfd1 Rfd8
21. b4 Qxc4 22. dxc4 Nxb4 23. Rxd8+ Rxd8 24. Rb1 a5 25. Kg2 Rd7 26. Bb6 Rd2 27.
Bxa5 Rxe2 28. Bxb4 Rxa2 29. Bc5 Rc2 30. Rxb7 Rxc4 31. Rb8+ Kf7 32. Rb7+ Ke6 33.
Rb6+ Kd5 34. Ba3 Rc6 35. Rxc6 Kxc6 36. Kf3 Kd5 37. Bc1 Be7 38. Bd2 Kd4 39. Ke2
Bd6 40. Be3+ Ke4 41. Bb6 g5 42. f3+ Kd5 43. g4 fxg4 44. hxg4 e4 45. Bd8 h6 46.
Bf6 Be5 47. Be7 Bg7 48. Ba3 Ke5 49. Bb2+ 1/2-1/2

[Event "Waikato Open"]
[Site "Hamilton"]
[Date "2012.08.04"]
[Round "2.2"]
[White "Garbett, Paul A"]
[Black "Lim, Benji"]
[Result "1/2-1/2"]
[WhiteElo "2338"]
[BlackElo "2056"]
[PlyCount "82"]
[EventDate "2012.08.03"]
[EventType "swiss"]
[EventRounds "6"]
[SourceDate "2010.09.23"]

1. e4 c5 2. Nf3 e6 3. d4 cxd4 4. Nxd4 Nf6 5. Nc3 d6 6. g3 Be7 7. Bg2 O-O 8. O-O
Nc6 9. Nb3 a6 10. a4 Na5 11. Nxa5 Qxa5 12. Bd2 Qc7 13. a5 Nd7 14. Na4 b6 15.
axb6 Qc6 16. Bc3 Bb7 17. Qe2 Bd8 18. Rfe1 Nxb6 19. Qg4 e5 20. Nxb6 Bxb6 21.
Rad1 f5 22. Qh3 Qc5 23. Re2 Qc4 24. Red2 Bxe4 25. Rxd6 Rad8 26. Rxd8 Rxd8 27.
Rxd8+ Bxd8 28. Qh5 g6 29. Qd1 Bb6 30. Bxe4 Qxe4 31. Qd6 Bd4 32. Qxa6 Bxc3 33.
Qc8+ Kg7 34. Qxc3 h5 35. f4 Kh7 36. Qc7+ Kg8 37. Qd8+ Kf7 38. Qd7+ Kf6 39. Qd8+
Kf7 40. Qc7+ Kg8 41. Qd8+ Kf7 1/2-1/2

[Event "Waikato Open"]
[Site "Hamilton"]
[Date "2012.08.04"]
[Round "2.3"]
[White "Noble, Mark F"]
[Black "Burns, Christopher J"]
[Result "1-0"]
[WhiteElo "2300"]
[BlackElo "2097"]
[PlyCount "69"]
[EventDate "2012.08.03"]
[EventType "swiss"]
[EventRounds "6"]
[SourceDate "2010.09.23"]

1. e4 e5 2. Nf3 Nc6 3. d3 Nf6 4. Be2 Bc5 5. c3 d5 6. Qc2 a5 7. h3 Qe7 8. Nbd2
Ba7 9. O-O O-O 10. Nh2 b5 11. Ndf3 Rb8 12. Bg5 dxe4 13. dxe4 h6 14. Bd2 Bd7 15.
Rfd1 Nd8 16. Nf1 c5 17. Ng3 Nb7 18. Qc1 Kh7 19. Be3 Rbd8 20. Bd3 Bb8 21. Nh4
Ng8 22. Nhf5 Qe6 23. Be2 Bc6 24. Bg4 Rxd1+ 25. Qxd1 Rd8 26. Qe2 Qe8 27. Nh5 g6
28. Nxh6 gxh5 29. Bf5+ Kg7 30. Qxh5 f6 31. Qg4+ Kh8 32. Nxg8 Qxg8 33. Qh5+ Kg7
34. Bh6+ Kh8 35. Bf8+ 1-0

[Event "Waikato Open"]
[Site "Hamilton"]
[Date "2012.08.04"]
[Round "2.4"]
[White "Pinic, Noel"]
[Black "Bennett, Hilton P"]
[Result "1/2-1/2"]
[WhiteElo "2251"]
[BlackElo "2117"]
[PlyCount "78"]
[EventDate "2012.08.03"]
[EventType "swiss"]
[EventRounds "6"]
[SourceDate "2010.09.23"]

1. c4 Nf6 2. g3 g6 3. Bg2 Bg7 4. d4 O-O 5. Nc3 d6 6. e3 Nbd7 7. Nge2 e5 8. O-O
Re8 9. b3 c6 10. Ba3 Nf8 11. Qc2 Bg4 12. Rad1 e4 13. Rfe1 Bf5 14. h3 h5 15. Kh2
N8h7 16. d5 c5 17. b4 b6 18. bxc5 bxc5 19. Rb1 Ng5 20. Ng1 Qe7 21. Rb3 h4 22.
Reb1 Nf3+ 23. Kh1 hxg3 24. fxg3 Nh5 25. Nce2 Qe5 26. Rf1 Nxg3+ 27. Nxg3 Qxg3
28. Bxf3 exf3 29. Qf2 Qxf2 30. Rxf2 Rab8 31. Rxb8 Rxb8 32. Nxf3 Bxh3 33. Ng5 {
(=)} Bf5 34. e4 Bd4 35. Rf1 Bg4 36. Rxf7 Rb1+ 37. Kh2 Be3 38. Rf6 Kg7 39. Rf7+
Kg8 {(=)} 1/2-1/2

[Event "Waikato Open"]
[Site "Hamilton"]
[Date "2012.08.04"]
[Round "2.5"]
[White "Zhang, William Jiewen"]
[Black "Shierlaw, Hamish"]
[Result "1-0"]
[WhiteElo "1864"]
[BlackElo "1628"]
[PlyCount "89"]
[EventDate "2012.08.03"]
[EventType "swiss"]
[EventRounds "6"]
[SourceDate "2010.09.23"]

1. d4 Nf6 2. c4 e6 3. Nc3 d5 4. cxd5 exd5 5. Bg5 Be7 6. e3 h6 7. Bh4 O-O 8. Bd3
b6 9. Nge2 Bb7 10. O-O Nbd7 11. Rc1 c5 12. f3 Rc8 13. Bf2 cxd4 14. Nxd4 Ne5 15.
Bf5 Ra8 16. Qa4 Bc5 17. Rfd1 Nc4 18. Qb3 Qe7 19. Nce2 Na5 20. Qc2 Nc4 21. Qb3
Na5 22. Qc3 Rfe8 23. b3 Ba6 24. Ng3 Bb4 25. Qc7 Qxc7 26. Rxc7 Bc8 27. Rdc1 Bxf5
28. Ngxf5 Ba3 29. R1c2 Bc5 30. Nb5 a6 31. Nbd4 Reb8 32. Be1 Nb7 33. b4 Bxd4 34.
Nxd4 Nd8 35. Bg3 Ne6 36. Nxe6 fxe6 37. R2c6 b5 38. Rxe6 Rd8 39. Ree7 Nh5 40.
Be5 Rac8 41. g4 Rxc7 42. Bxc7 Rf8 43. gxh5 Rxf3 44. Bf4 d4 45. Kg2 1-0

[Event "Waikato Open"]
[Site "Hamilton"]
[Date "2012.08.04"]
[Round "2.6"]
[White "Wright, Caleb"]
[Black "Smith, Robert W"]
[Result "1/2-1/2"]
[WhiteElo "1979"]
[BlackElo "2333"]
[PlyCount "103"]
[EventDate "2012.08.03"]
[EventType "swiss"]
[EventRounds "6"]
[SourceDate "2010.09.23"]

1. d4 Nf6 2. c4 c5 3. Nf3 cxd4 4. Nxd4 Nc6 5. Nc3 g6 6. e4 d6 7. f3 Nxd4 8.
Qxd4 Bg7 9. Qf2 O-O 10. Be2 Be6 11. Bd2 a6 12. Rc1 Rc8 13. b3 Nd7 14. O-O f5
15. exf5 Bxf5 16. Qe3 Qb6 17. Qxb6 Nxb6 18. Be3 Bxc3 19. Rxc3 Nd5 20. Bd2 Nxc3
21. Bxc3 b5 22. Bd2 Bd7 23. Rd1 Kf7 24. Bh6 Rfd8 25. Bg5 Bc6 26. f4 bxc4 27.
Bxc4+ d5 28. Be2 Bb5 29. Bg4 Bd7 30. Bf3 Be6 31. Re1 Rc7 32. g4 d4 33. Re5 Rc1+
34. Kf2 Rc2+ 35. Kg3 Rxa2 36. f5 Bxb3 37. Rxe7+ Kg8 38. Rb7 Bd5 39. Bxd8 Ra3
40. Rd7 Rxf3+ 41. Kh4 Be4 42. Rxd4 gxf5 43. gxf5 Bxf5 44. Kg5 Bg6 45. Kg4 Rf1
46. h4 Rg1+ 47. Kf4 Kf7 48. Ke5 Re1+ 49. Kd5 Rc1 50. Kd6 Ke8 51. Bb6 Rc8 52.
Bc7 {(=)} 1/2-1/2

[Event "Waikato Open"]
[Site "Hamilton"]
[Date "2012.08.04"]
[Round "2.7"]
[White "Lynn, K William"]
[Black "Duneas, John"]
[Result "1-0"]
[WhiteElo "1882"]
[BlackElo "2226"]
[PlyCount "151"]
[EventDate "2012.08.03"]
[EventType "swiss"]
[EventRounds "6"]
[SourceDate "2010.09.23"]

1. e4 Nf6 2. Nc3 d5 3. d4 dxe4 4. f3 exf3 5. Nxf3 Bg4 6. h3 Bxf3 7. Qxf3 c6 8.
Be3 e6 9. Bd3 Nbd7 10. O-O Be7 11. Ne4 O-O 12. c4 Nxe4 13. Qxe4 g6 14. Bh6 Re8
15. Rae1 Bg5 16. Bxg5 Qxg5 17. h4 Qe7 18. Qf4 Rad8 19. Re3 c5 20. d5 e5 21. Qg3
Nf8 22. h5 Qd6 23. Be4 Nd7 24. Ref3 Rf8 25. Qg5 Rde8 26. Rh3 Qe7 27. Qh6 f5 28.
d6 Qg7 29. Bd5+ Kh8 30. hxg6 Nf6 31. Rxf5 Qxh6 32. Rxh6 Kg7 33. gxh7 Kxh6 34.
h8=Q+ Rxh8 35. Rxf6+ Kg5 36. Rf7 b6 37. Rxa7 Rh6 38. Re7 Rhh8 39. Bc6 Rd8 40.
Rxe5+ Kf4 41. Re4+ Kg5 42. d7 Kf5 43. a3 Rxd7 44. g4+ Kg5 45. Bxd7 Rd8 46. Re5+
Kf4 47. Rd5 Kg3 48. Bf5 Re8 49. Rd3+ Kf4 50. Kf2 Rh8 51. Rf3+ Ke5 52. Kg2 Kd4
53. b3 Ra8 54. a4 Ke5 55. Re3+ Kf4 56. Re4+ Kg5 57. Re6 Kf4 58. Rxb6 Rd8 59.
Re6 Rd2+ 60. Kf1 Kf3 61. g5 Kf4 62. g6 Kxf5 63. g7 Rd8 64. Rc6 Ke4 65. Rxc5 Rg8
66. Rc7 Kd4 67. Rb7 Kc3 68. c5 Kd4 69. b4 Kc4 70. c6 Rc8 71. b5 Kc5 72. a5 Rg8
73. c7 Kd6 74. a6 Rc8 75. a7 Re8 76. Rb8 1-0

[Event "Waikato Open"]
[Site "Hamilton"]
[Date "2012.08.04"]
[Round "2.8"]
[White "Mukkattu, Philip"]
[Black "Hart, Ralph"]
[Result "0-1"]
[WhiteElo "1788"]
[BlackElo "2272"]
[PlyCount "90"]
[EventDate "2012.08.03"]
[EventType "swiss"]
[EventRounds "6"]
[SourceDate "2010.09.23"]

1. d4 Nf6 2. c4 c5 3. d5 b5 4. Qc2 bxc4 5. e4 d6 6. Bxc4 g6 7. Nf3 Bg7 8. O-O
O-O 9. h3 Nbd7 10. Nc3 Nb6 11. Bd3 a5 12. Be3 Ba6 13. Rfd1 Nfd7 14. Qc1 Re8 15.
Bh6 Bh8 16. Ng5 Bxd3 17. Rxd3 a4 18. Qf4 Bf6 19. h4 Nc4 20. h5 Nxb2 21. Rh3 c4
22. hxg6 hxg6 23. Rb1 Nd3 24. Qh4 Bxc3 25. Nh7 Rb8 26. Rf1 Qb6 27. Be3 Bg7 28.
Bxb6 Rxb6 29. Ng5 Rb2 30. Qh7+ Kf8 31. Rf3 Nf6 32. Qh4 Rxa2 33. Rb1 a3 34. Rb7
Ne5 35. Rc3 Ra8 36. f4 Ra1+ 37. Kf2 Neg4+ 38. Ke2 a2 39. Ra3 Rc8 40. Raa7 Re8
41. Rc7 Rg1 42. Nh7+ Kg8 43. Rxe7 Rxe7 44. Nxf6+ Nxf6 45. Rxe7 a1=Q 0-1

[Event "Waikato Open"]
[Site "Hamilton"]
[Date "2012.08.04"]
[Round "2.9"]
[White "Wagner, Stefan"]
[Black "Nolan, Graham"]
[Result "1/2-1/2"]
[WhiteElo "1942"]
[BlackElo "1657"]
[PlyCount "83"]
[EventDate "2012.08.03"]
[EventType "swiss"]
[EventRounds "6"]
[SourceDate "2010.09.23"]

1. d4 Nf6 2. c4 g6 3. Nc3 d5 4. cxd5 Nxd5 5. e4 Nxc3 6. bxc3 Bg7 7. Bc4 O-O 8.
Ne2 c5 9. O-O Nc6 10. Be3 cxd4 11. cxd4 Na5 12. Bd3 b6 13. Rc1 Bb7 14. Qd2 Qd7
15. Rc2 Rac8 16. Rfc1 Rxc2 17. Rxc2 Rc8 18. h3 Rxc2 19. Qxc2 Qc6 20. Qxc6 Nxc6
21. a3 e6 22. Kf1 Bf8 23. Bc1 Na5 24. f3 Nb3 25. Bb2 Bh6 26. Ke1 Bc6 27. Bc4
Na5 28. Bd3 Be3 29. Bc1 Bxc1 30. Nxc1 Kf8 31. Kd2 Ke7 32. Kc3 Kd6 33. Na2 Bb7
34. Nb4 Nc6 35. Nc2 Ne7 36. Ne3 f5 37. Nc4+ Kc7 38. Ne5 Nc6 39. Nf7 Nd8 40. Ne5
Nc6 41. Nf7 Nd8 42. Ne5 1/2-1/2

[Event "Waikato Open"]
[Site "Hamilton"]
[Date "2012.08.04"]
[Round "2.10"]
[White "Lyall, Simon"]
[Black "Rossiter, Philip E"]
[Result "0-1"]
[WhiteElo "1880"]
[BlackElo "1810"]
[PlyCount "92"]
[EventDate "2012.08.03"]
[EventType "swiss"]
[EventRounds "6"]
[SourceDate "2010.09.23"]

1. e4 e6 2. d4 d5 3. e5 c5 4. c3 Nc6 5. Nf3 Qb6 6. a3 c4 7. g3 f6 8. exf6 Nxf6
9. Nbd2 Bd6 10. Bg2 O-O 11. O-O Bd7 12. Qe2 Rae8 13. Ne5 Qc7 14. f4 Na5 15. Kh1
Nb3 16. Nxb3 cxb3 17. Re1 a6 18. Bd2 Bb5 19. Qd1 Bc4 20. h4 Bxe5 21. fxe5 Ne4
22. Bxe4 dxe4 23. Bf4 Qe7 24. Qg4 Rf5 25. Kg1 {(=)} Bd3 26. Rad1 Qf7 27. Rd2
Rf8 28. Rf2 h5 29. Qh3 Qg6 30. Qg2 Qg4 31. Be3 Rf3 32. Bf4 R8xf4 33. gxf4 Rg3
34. Re3 Rxg2+ 35. Rxg2 Qxf4 36. Reg3 Qf7 37. Rf2 {(=)} Qe7 38. Rfg2 Kh7 39.
Rxg7+ Qxg7 40. Rxg7+ Kxg7 41. Kf2 Kg6 42. Ke3 Kf5 43. a4 Bc4 44. Kf2 Kf4 45.
Ke1 Kg4 46. Kf2 Kxh4 0-1

[Event "Waikato Open"]
[Site "Hamilton"]
[Date "2012.08.04"]
[Round "2.11"]
[White "Ang, Alphaeus WeiErn"]
[Black "Dolejs, Dan"]
[Result "0-1"]
[WhiteElo "1814"]
[BlackElo "1822"]
[PlyCount "124"]
[EventDate "2012.08.03"]
[EventType "swiss"]
[EventRounds "6"]
[SourceDate "2010.09.23"]

1. d4 d5 2. Nc3 Nf6 3. Bf4 c6 4. e3 Bf5 5. Bd3 Bg6 6. Nf3 e6 7. O-O Bd6 8. Bxd6
Qxd6 9. Re1 Nbd7 10. e4 dxe4 11. Nxe4 Nxe4 12. Bxe4 Nf6 13. Bd3 Bh5 14. c3 O-O
15. h3 Rad8 16. Bc2 Qc7 17. Qe2 c5 18. dxc5 Qxc5 19. Rad1 Rxd1 20. Rxd1 Qc6 21.
g4 Bg6 22. Ne5 Qc7 23. Bxg6 hxg6 24. g5 Nh5 25. Rd7 Qa5 26. Rxb7 Qd5 27. Rd7
Nf4 28. Qg4 Qxe5 29. Rd1 Qxg5 30. Kh2 Qe5 31. Qg3 Qe2 32. Rg1 e5 33. Qe3 Qxe3
34. fxe3 Nd3 35. Rg2 Rb8 36. b3 a5 37. Rd2 e4 38. Kg2 a4 39. b4 Rc8 40. Rc2
Ne1+ 41. Kf2 Nxc2 42. b5 Rxc3 43. b6 Rc8 44. Ke2 Rb8 45. Kd2 Nxe3 46. Kxe3 Rxb6
47. Kxe4 Rb2 48. a3 Rb3 49. Kd4 Rxh3 50. Kc4 Rxa3 51. Kb4 Re3 52. Kxa4 f5 53.
Kb4 f4 54. Kc4 f3 55. Kd4 Re8 56. Kd5 f2 57. Kd4 f1=R 58. Kd3 Rd1+ 59. Kc2 Rd7
60. Kc3 Rc8+ 61. Kb4 Rb7+ 62. Ka5 Ra8# 0-1

[Event "Waikato Open"]
[Site "Hamilton"]
[Date "2012.08.04"]
[Round "3.1"]
[White "Noble, Mark F"]
[Black "Zhang, William Jiewen"]
[Result "1-0"]
[WhiteElo "2300"]
[BlackElo "1864"]
[PlyCount "51"]
[EventDate "2012.08.03"]
[EventType "swiss"]
[EventRounds "6"]
[SourceDate "2010.09.23"]

1. e4 e6 2. d3 d5 3. Nd2 c5 4. Ngf3 Nc6 5. c3 g6 6. Be2 Bg7 7. Qc2 Nge7 8. Nf1
O-O 9. Bd2 e5 10. Ng3 d4 11. h4 f6 12. h5 Be6 13. hxg6 hxg6 14. c4 Kf7 15.
O-O-O a6 16. Rh7 Rh8 17. Rxh8 Qxh8 18. Rh1 Qd8 19. Nh4 Qd6 20. Qd1 b5 21. Bh5
gxh5 22. Qxh5+ Kf8 23. Bh6 Bf7 24. Bxg7+ Kxg7 25. Nhf5+ Nxf5 26. Nxf5+ 1-0

[Event "Waikato Open"]
[Site "Hamilton"]
[Date "2012.08.04"]
[Round "3.2"]
[White "Hague, Ben"]
[Black "Lynn, K William"]
[Result "1-0"]
[WhiteElo "2436"]
[BlackElo "1882"]
[PlyCount "65"]
[EventDate "2012.08.03"]
[EventType "swiss"]
[EventRounds "6"]
[SourceDate "2010.09.23"]

1. d4 Nf6 2. Nf3 e6 3. e3 b6 4. Bd3 Bb7 5. O-O c5 6. b3 d5 7. Bb2 Nbd7 8. Nbd2
Rc8 9. Ne5 Be7 10. f4 O-O 11. Qf3 Qc7 12. Qh3 Ne4 13. f5 Ng5 14. Qh5 exf5 15.
Nxd7 g6 16. Qh6 Qxd7 17. dxc5 f6 18. cxb6 Bc5 19. Rae1 Bxb6 20. Nf3 Ne4 21. Nd4
Bc7 22. Rf3 Be5 23. Ba3 Rf7 24. h4 Qc7 25. h5 Qa5 26. b4 Qxa3 27. hxg6 hxg6 28.
Rh3 Rg7 29. Ne6 Rcc7 30. Qh8+ Kf7 31. Nd8+ Ke7 32. Qxg7+ Kd6 33. Qf8+ 1-0